000 00501nam a22001697a 4500
999 _c3966
_d3966
008 200708b ||||| |||| 00| 0 eng d
020 _a0876924372
082 0 0 _a621.39
_bR1615
100 _92402
_aRajaraman, V.
245 1 0 _aAn introduction to digital computer design /
_cby V. Rajaraman and T. Radhakrishnan
250 _a3rd ed.
260 _aNew Delhi
_bPrentice Hall
_c1987
300 _axii, 548 p.
650 0 _aElectronic Digital Computers
700 _92566
_aRadhakrishnan, T.
942 _cBK